Benenne die Fußball-Teams - Statistiken

Allgemein
  • Dieses Quiz wurde 159 mal gespielt
  • Das Durchschnittsergebnis liegt bei 13 aus 15
Antwortstatistiken
Hint Antwort % Korrekt
Die Wölfe VfL Wolfsburg
100%
Die Geißböcke 1. FC Köln
99%
Die Eisernen 1. FC Union Berlin
99%
Die Werkself Bayer Leverkusen
99%
Die roten Teufel 1. FC Kaiserslautern
98%
Die Fohlen Borussia Mönchengladbach
96%
Die Lilien SV Darmstadt
96%
Der Club 1. FC Nürnberg
93%
Die Knappen FC Schalke 04
92%
Die alte Dame Hertha BSC
92%
Die Nullfünfer FSV Mainz 05
86%
Die Fuggerstädter FC Augsburg
81%
Die Kiezkicker FC Sankt Pauli
59%
Die Veilchen FC Erzgebirge Aue
49%
Die Unabsteigbaren VfL Bochum
26%
Keine übereinstimmenden Quizze gefunden
Verteilung der Resultate
Anzahl Personen mit jedem Resultat
Perzentil nach korrekt beantworteten Fragen
Ihre Resultats-Entwicklung
Sie haben dieses Quiz noch nicht gespielt